[Event "Titled Tuesday intern op 16th Jan Early"]
[Site "Chess.com INT"]
[Date "2024.01.16"]
[Round "5"]
[White "Bogaudinov, Rushan"]
[Black "Tsukerman, Julia"]
[Result "1-0"]
[WhiteElo "1853"]
[BlackElo "1802"]
[PlyCount "59"]
[EventDate "2024.01.16"]
[EventType "swiss (blitz)"]
[EventRounds "11"]
[EventCountry "USA"]
[SourceTitle "CB04_2024"]
[SourceDate "2023.10.16"]
[SourceVersion "1"]
[SourceVersionDate "2023.10.16"]
[SourceQuality "1"]

1. a3 d5 2. e3 e5 3. d4 e4 4. c4 c6 5. Nc3 Nf6 6. b4 Be6 7. cxd5 cxd5 8. Nge2 Bd6 9. Nf4 Bxf4 10. exf4 Nc6 11. Be3 Rc8 12. Rc1 0-0 13. Be2 Qd7 14. 0-0 Ng4 15. Na4 Nxe3 16. fxe3 Qe7 17. f5 Bd7 18. Nc5 f6 19. Nxb7 Bxf5 20. Rxf5 Qxb7 21. Rxd5 Ne7 22. Rdc5 Rxc5 23. dxc5 a5 24. Bc4+ Kh8 25. b5 Rc8 26. c6 Qb6 27. Qd4 Qxd4 28. exd4 Rd8 29. c7 Rxd4 30. b6 1-0

[Event "Titled Tuesday intern op 16th Jan Early"]
[Site "Chess.com INT"]
[Date "2024.01.16"]
[Round "6"]
[White "Tsukerman, Julia"]
[Black "Sarkar, Justin"]
[Result "0-1"]
[WhiteElo "1802"]
[BlackElo "2272"]
[PlyCount "124"]
[EventDate "2024.01.16"]
[EventType "swiss (blitz)"]
[EventRounds "11"]
[EventCountry "USA"]
[SourceTitle "CB04_2024"]
[SourceDate "2023.10.16"]
[SourceVersion "1"]
[SourceVersionDate "2023.10.16"]
[SourceQuality "1"]

1. e4 e5 2. Nf3 Nc6 3. Bb5 a6 4. Ba4 Nf6 5. d3 b5 6. Bb3 h6 7. c3 d6 8. 0-0 g5 9. Re1 Bg7 10. d4 0-0 11. Nbd2 g4 12. Nh4 exd4 13. cxd4 Nxd4 14. g3 c5 15. Nf1 Be6 16. Bxe6 fxe6 17. Ne3 h5 18. Neg2 Qe8 19. Be3 Nd7 20. Rb1 Qf7 21. Nf4 Ne5 22. Kh1 Nc4 23. Qc1 Nxe3 24. Rxe3 Bh6 25. Nhg2 e5 26. b4 exf4 27. Nxf4 Bxf4 28. gxf4 Qxf4 29. bxc5 Qxf2 30. cxd6 Nf3 31. Rxf3 Qxf3+ 32. Kg1 Qf2+ 33. Kh1 Qf3+ 34. Kg1 Qf4 35. Qc2 Rac8 36. Qb3+ Qf7 37. Qe3 Qf3 38. Qd4 Qf6 39. Qd5+ Qf7 40. Qe5 Qg7 41. Qd5+ Kh8 42. Qxh5+ Qh7 43. Qe5+ Qg7 44. Qh5+ Kg8 45. Qd5+ Rf7 46. d7 Rd8 47. Qc6 Rdxd7 48. Qxa6 Kh7 49. Qxb5 Qd4+ 50. Kh1 Qxe4+ 51. Kg1 Qe3+ 52. Kh1 Qf3+ 53. Kg1 Rd1+ 54. Rxd1 Qxd1+ 55. Kg2 Qf3+ 56. Kg1 Qf2+ 57. Kh1 Qf1+ 58. Qxf1 Rxf1+ 59. Kg2 Ra1 60. Kg3 Rxa2 61. Kxg4 Rxh2 62. Kg3 Ra2 0-1

[Event "North American-ch U20 Girls"]
[Site "Dulles"]
[Date "2023.12.20"]
[Round "4"]
[White "Tsukerman, Julia"]
[Black "Zhang, Elena"]
[Result "1/2-1/2"]
[WhiteElo "1718"]
[BlackElo "2009"]
[PlyCount "123"]
[EventDate "2023.12.19"]
[EventType "swiss"]
[EventRounds "9"]
[EventCountry "USA"]
[SourceTitle "CB52_2023"]
[SourceDate "2023.12.27"]
[SourceVersion "1"]
[SourceVersionDate "2023.12.27"]
[SourceQuality "1"]

1. e4 c5 2. Nf3 Nc6 3. d4 cxd4 4. Nxd4 Nf6 5. Nc3 e5 6. Ndb5 d6 7. Bg5 a6 8. Na3 b5 9. Nd5 Be7 10. Bxf6 Bxf6 11. c3 0-0 12. Nc2 Bg5 13. h4 Bh6 14. Nce3 Ne7 15. Be2 Bb7 16. Bf3 Kh8 17. g3 Rc8 18. Nxe7 Qxe7 19. Nf5 Qe6 20. Qxd6 Rcd8 21. Qxe6 fxe6 22. Nxh6 Rxf3 23. Ng4 Bxe4 24. 0-0 Rd2 25. Rfd1 Rfd3 26. Re1 Bb7 27. Nxe5 Rd5 28. b3 Rc2 29. Ng4 Rdd2 30. Rxe6 h5 31. Ne3 Rb2 32. Rf1 Rxa2 33. Re7 Bf3 34. Rf7 Be4 35. Rf4 Bd3 36. Rc1 Rdb2 37. Nd5 Rxb3 38. Nb4 Rd2 39. Rd4 a5 40. Rxd3 Rxd3 41. Nxd3 b4 42. cxb4 Rxd3 43. bxa5 Ra3 44. Rc5 g6 45. Rc6 Kh7 46. a6 Kh6 47. Kg2 Kg7 48. Rc7+ Kf6 49. a7 Kf5 50. f4 Kg4 51. Kf2 Ra2+ 52. Ke3 Kxg3 53. Rg7 Kxh4 54. Ke4 Kh3 55. Rxg6 Rxa7 56. f5 Ra1 57. Kf4 h4 58. f6 Kh2 59. Rg7 Rf1+ 60. Kg5 h3 61. f7 Kh1 62. Kg6 1/2-1/2

[Event "Titled Tuesday intern op 25th Jul Late"]
[Site "Chess.com INT"]
[Date "2023.07.25"]
[Round "8"]
[White "Kujawski, Adam"]
[Black "Tsukerman, Julia"]
[Result "1-0"]
[WhiteElo "2173"]
[BlackElo "1741"]
[PlyCount "35"]
[EventDate "2023.07.25"]
[EventType "swiss (blitz)"]
[EventRounds "11"]
[EventCountry "USA"]
[SourceTitle "EXT 2024"]
[Source "ChessBase"]
[SourceDate "2023.10.10"]
[SourceVersion "1"]
[SourceVersionDate "2023.10.10"]
[SourceQuality "1"]

1. e4 c5 2. Nf3 d6 3. d4 cxd4 4. Nxd4 Nf6 5. Nc3 a6 6. Bg5 e6 7. f4 Be7 8. Qf3 Nbd7 9. 0-0-0 Qc7 10. Bd3 b5 11. Rhe1 Bb7 12. Qg3 b4 13. Nd5 exd5 14. exd5 Kf8 15. Nf5 Bd8 16. Bh6 Nh5 17. Bxg7+ Kg8 18. Re8+ 1-0

[Event "Titled Tuesday intern op 25th Jul Late"]
[Site "Chess.com INT"]
[Date "2023.07.25"]
[Round "9"]
[White "Tsukerman, Julia"]
[Black "Alahakoon, Isuru"]
[Result "0-1"]
[WhiteElo "1741"]
[BlackElo "1806"]
[PlyCount "56"]
[EventDate "2023.07.25"]
[EventType "swiss (blitz)"]
[EventRounds "11"]
[EventCountry "USA"]
[SourceTitle "EXT 2024"]
[Source "ChessBase"]
[SourceDate "2023.10.10"]
[SourceVersion "1"]
[SourceVersionDate "2023.10.10"]
[SourceQuality "1"]

1. e4 d5 2. exd5 Qxd5 3. d4 Nc6 4. Nf3 Bg4 5. Be2 Nf6 6. c3 0-0-0 7. 0-0 e6 8. Bf4 h5 9. Nbd2 Qf5 10. Be3 Nd5 11. Qb1 Nxe3 12. fxe3 Qxb1 13. Raxb1 f6 14. h3 Bf5 15. e4 Bh7 16. Rbe1 g5 17. Bc4 Re8 18. Nh2 Bg7 19. Nb3 e5 20. d5 Ne7 21. Nc5 Bg8 22. b3 Ng6 23. g3 h4 24. Kg2 hxg3 25. Kxg3 Nf4 26. Ne6 Bxe6 27. dxe6 Rxh3+ 28. Kg4 Rxh2 0-1

[Event "Titled Tuesday intern op 25th Jul Late"]
[Site "Chess.com INT"]
[Date "2023.07.25"]
[Round "2"]
[White "Tsukerman, Julia"]
[Black "Rangel, Daniel"]
[Result "0-1"]
[WhiteElo "1741"]
[BlackElo "2199"]
[PlyCount "96"]
[EventDate "2023.07.25"]
[EventType "swiss (blitz)"]
[EventRounds "11"]
[EventCountry "USA"]
[SourceTitle "EXT 2024"]
[Source "ChessBase"]
[SourceDate "2023.10.10"]
[SourceVersion "1"]
[SourceVersionDate "2023.10.10"]
[SourceQuality "1"]

1. e4 c5 2. Nf3 g6 3. d4 cxd4 4. Nxd4 Bg7 5. c4 Nc6 6. Be3 Nf6 7. Nc3 0-0 8. Be2 Nxd4 9. Bxd4 d6 10. 0-0 Bd7 11. Qd2 Bc6 12. f3 Nd7 13. Rac1 a5 14. b3 Bxd4+ 15. Qxd4 Qb6 16. Qxb6 Nxb6 17. Nd5 Bxd5 18. exd5 Nd7 19. Rfe1 Nc5 20. Bf1 Rfe8 21. Kf2 Kf8 22. Re3 b6 23. g3 Ra7 24. a3 Rc8 25. Bh3 Rcc7 26. Rec3 h5 27. Ke3 a4 28. b4 Nb3 29. R1c2 Kg7 30. Ke4 Kf6 31. Bf1 Ra8 32. Bd3 e5 33. f4 Re8 34. Re2 exf4+ 35. Kxf4 g5+ 36. Kf3 Nd4+ 37. Kf2 Nxe2 38. Bxe2 g4 39. Bd3 Rce7 40. Rc2 Re3 41. Rd2 Rf3+ 42. Kg2 Ree3 43. Be2 Rf5 44. Bd3 Rfe5 45. Kf2 Kg5 46. Be2 Rxa3 47. Rc2 Rae3 48. c5 dxc5 0-1

[Event "Titled Tuesday intern op 11th Jul Late"]
[Site "Chess.com INT"]
[Date "2023.07.11"]
[Round "1"]
[White "Gasparyan, Davit"]
[Black "Tsukerman, Julia"]
[Result "0-1"]
[WhiteElo "2142"]
[BlackElo "1742"]
[PlyCount "86"]
[EventDate "2023.07.11"]
[EventType "swiss (blitz)"]
[EventRounds "11"]
[EventCountry "USA"]
[SourceTitle "EXT 2024"]
[Source "ChessBase"]
[SourceDate "2023.10.10"]
[SourceVersion "1"]
[SourceVersionDate "2023.10.10"]
[SourceQuality "1"]

1. Nf3 d5 2. g3 Nf6 3. Bg2 c5 4. 0-0 Nc6 5. d4 e6 6. b3 b6 7. Bb2 Bb7 8. e3 Be7 9. Nbd2 0-0 10. c4 cxd4 11. Nxd4 Nxd4 12. Bxd4 Rc8 13. Qe2 Qd7 14. Rfd1 Qc7 15. Rac1 Qb8 16. cxd5 Bxd5 17. e4 Bb7 18. Nc4 Rfd8 19. Qe3 Qa8 20. Re1 h6 21. h3 Nd7 22. Qc3 Nf6 23. Qe3 Nd7 24. Rcd1 Bb4 25. Re2 Be7 26. Red2 Nf6 27. Bb2 Rxd2 28. Rxd2 Bxe4 29. Bxf6 Bxg2 30. f4 Bxf6 31. Rxg2 Rd8 32. Ne5 Qd5 33. Kh2 Bxe5 34. fxe5 Qc5 35. Qf4 Rd5 36. Rf2 Qe7 37. Re2 Qd7 38. Qc1 Rd3 39. Rc2 Rd5 40. Rc7 Rd2+ 41. Kg1 Qd4+ 42. Kh1 Qe4+ 43. Kg1 Qg2# 0-1

[Event "Titled Tuesday intern op 11th Jul Late"]
[Site "Chess.com INT"]
[Date "2023.07.11"]
[Round "8"]
[White "Tsukerman, Julia"]
[Black "Gulamirian, Korun"]
[Result "1-0"]
[WhiteElo "1742"]
[BlackElo "1816"]
[PlyCount "113"]
[EventDate "2023.07.11"]
[EventType "swiss (blitz)"]
[EventRounds "11"]
[EventCountry "USA"]
[SourceTitle "EXT 2024"]
[Source "ChessBase"]
[SourceDate "2023.10.10"]
[SourceVersion "1"]
[SourceVersionDate "2023.10.10"]
[SourceQuality "1"]

1. e4 e5 2. Nf3 Nc6 3. Bb5 a6 4. Ba4 Nf6 5. d3 d6 6. c3 Be7 7. 0-0 0-0 8. h3 b5 9. Bb3 Be6 10. Bc2 b4 11. d4 exd4 12. cxd4 Bc4 13. Re1 d5 14. e5 Ne4 15. Bxe4 dxe4 16. Rxe4 Qd5 17. Nbd2 Bxa2 18. b3 Bxb3 19. Qxb3 Rfd8 20. Bb2 a5 21. Rc1 Qb5 22. Qc4 Qxc4 23. Rxc4 Ra6 24. Nb3 Rd5 25. e6 f5 26. Re1 a4 27. Nc5 Bxc5 28. dxc5 a3 29. Ba1 b3 30. e7 Nxe7 31. Rxe7 b2 32. Bxb2 axb2 33. Rb4 Ra1+ 34. Re1 Rdd1 35. Rxb2 Rxe1+ 36. Nxe1 Rxe1+ 37. Kh2 Rc1 38. Rb5 c6 39. Rb8+ Kf7 40. Rb7+ Kf6 41. Rc7 Rxc5 42. Kg3 g5 43. f3 h5 44. h4 f4+ 45. Kh3 gxh4 46. Kxh4 Ke6 47. Kh3 Kd6 48. Rh7 Re5 49. Rh6+ Kd5 50. Kh4 c5 51. g4 fxg3 52. Kxg3 c4 53. Rh8 Kd4 54. Rd8+ Rd5 55. Rc8 Rc5 56. Rd8+ Ke5 57. f4+ 1-0

[Event "Titled Tuesday intern op 11th Jul Late"]
[Site "Chess.com INT"]
[Date "2023.07.11"]
[Round "11"]
[White "Tsukerman, Julia"]
[Black "Weisz, Bryan"]
[Result "1-0"]
[WhiteElo "1742"]
[BlackElo "1965"]
[PlyCount "65"]
[EventDate "2023.07.11"]
[EventType "swiss (blitz)"]
[EventRounds "11"]
[EventCountry "USA"]
[SourceTitle "EXT 2024"]
[Source "ChessBase"]
[SourceDate "2023.10.10"]
[SourceVersion "1"]
[SourceVersionDate "2023.10.10"]
[SourceQuality "1"]

1. e4 e5 2. Nf3 Nc6 3. Bb5 Nf6 4. d3 Bc5 5. c3 d6 6. 0-0 Bb6 7. Nbd2 0-0 8. h3 Ne7 9. Re1 Ng6 10. Nf1 c6 11. Ba4 Bc7 12. d4 Nxe4 13. Rxe4 d5 14. Re1 e4 15. N3h2 f5 16. f3 Qh4 17. Be3 f4 18. Bf2 Qg5 19. fxe4 Bxh3 20. Qf3 Be6 21. exd5 Nh4 22. Bxh4 Qxh4 23. dxe6 Rf6 24. e7 Re8 25. Bb3+ Kh8 26. Qg4 Qh6 27. Qh3 Qg5 28. Qd7 Qh5 29. Re4 f3 30. Qg4 f2+ 31. Kh1 Qa5 32. Rd1 Rg6 33. Qd7 1-0

[Event "Titled Tuesday intern op 11th Jul Late"]
[Site "Chess.com INT"]
[Date "2023.07.11"]
[Round "3"]
[White "Tsukerman, Julia"]
[Black "Yeritsyan, Hayk"]
[Result "0-1"]
[WhiteElo "1742"]
[BlackElo "2181"]
[PlyCount "130"]
[EventDate "2023.07.11"]
[EventType "swiss (blitz)"]
[EventRounds "11"]
[EventCountry "USA"]
[SourceTitle "EXT 2024"]
[Source "ChessBase"]
[SourceDate "2023.10.10"]
[SourceVersion "1"]
[SourceVersionDate "2023.10.10"]
[SourceQuality "1"]

1. e4 c6 2. d4 d5 3. exd5 cxd5 4. Bd3 Nf6 5. h3 Nc6 6. c3 g6 7. Nf3 Bf5 8. Be2 Bxb1 9. Rxb1 Bg7 10. 0-0 0-0 11. Re1 Re8 12. Bf4 e6 13. Ne5 Nxe5 14. Bxe5 Nd7 15. Bxg7 Kxg7 16. Qd2 a6 17. Rbd1 Rc8 18. Qf4 Qc7 19. Qxc7 Rxc7 20. Rd3 b5 21. a3 Rb8 22. f4 h5 23. g4 hxg4 24. hxg4 a5 25. Bf3 b4 26. axb4 axb4 27. f5 gxf5 28. gxf5 Kf6 29. fxe6 fxe6 30. Kf2 bxc3 31. bxc3 Rb2+ 32. Re2 Rb3 33. Ree3 Nb6 34. Bg4 Rc6 35. Rf3+ Ke7 36. Rh3 Na4 37. Bd1 Rb2+ 38. Ke1 Nb6 39. Rd2 Rb1 40. Ke2 Nc4 41. Rdd3 Nb2 42. Rd2 Nc4 43. Rdd3 Nd6 44. Rde3 Nf5 45. Rd3 Rb2+ 46. Rd2 Rb1 47. Rdd3 Ra1 48. Rh7+ Kf6 49. Rhh3 Ra3 50. Bc2 Nd6 51. Bd1 Ne4 52. Rdf3+ Ke7 53. Rh7+ Kd6 54. Rh6 Nxc3+ 55. Ke1 Ra1 56. Rd3 Rc4 57. Rh4 Ne4 58. Rhh3 Rcc1 59. Rhe3 Nc3 60. Rxc3 Rxd1+ 61. Kf2 Rxd4 62. Rb3 Ra2+ 63. Kf3 Ra6 64. Ke2 Rc6 65. Kf3 Rdc4 0-1

[Event "Titled Tuesday intern op 04th Jul Late"]
[Site "Chess.com INT"]
[Date "2023.07.04"]
[Round "8"]
[White "Tsukerman, Julia"]
[Black "Gulamirian, Korun"]
[Result "1-0"]
[WhiteElo "1742"]
[BlackElo "1816"]
[PlyCount "69"]
[EventDate "2023.07.04"]
[EventType "swiss (blitz)"]
[EventRounds "11"]
[EventCountry "USA"]
[SourceTitle "EXT 2024"]
[Source "ChessBase"]
[SourceDate "2023.10.10"]
[SourceVersion "1"]
[SourceVersionDate "2023.10.10"]
[SourceQuality "1"]

1. e4 e5 2. Nf3 Nc6 3. Bb5 a6 4. Ba4 Nf6 5. d3 b5 6. Bb3 d6 7. c3 Be6 8. Bc2 h6 9. 0-0 g5 10. d4 exd4 11. cxd4 d5 12. e5 Nd7 13. Be3 Ne7 14. Nbd2 Nf5 15. Nb3 c5 16. Bxf5 Bxf5 17. dxc5 Be4 18. c6 Nb6 19. Rc1 Nc4 20. Bd4 Qc7 21. e6 fxe6 22. Bxh8 Qxc6 23. Nbd4 Qd6 24. b3 Bxf3 25. Nxf3 Nb6 26. Be5 Qe7 27. Qd4 Nd7 28. Bg3 Bg7 29. Qe3 Nf6 30. Rc7 Qf8 31. Qxe6+ Kd8 32. Rc6 Nd7 33. Bc7+ Kc8 34. Ba5+ Kb7 35. Qxd7+ 1-0

[Event "Titled Tuesday intern op 04th Jul Late"]
[Site "Chess.com INT"]
[Date "2023.07.04"]
[Round "4"]
[White "Tsukerman, Julia"]
[Black "Szyszylo, Rafal"]
[Result "0-1"]
[WhiteElo "1742"]
[BlackElo "2074"]
[PlyCount "68"]
[EventDate "2023.07.04"]
[EventType "swiss (blitz)"]
[EventRounds "11"]
[EventCountry "USA"]
[SourceTitle "EXT 2024"]
[Source "ChessBase"]
[SourceDate "2023.10.10"]
[SourceVersion "1"]
[SourceVersionDate "2023.10.10"]
[SourceQuality "1"]

1. e4 d6 2. d4 g6 3. Nc3 Nf6 4. Be3 c6 5. f3 Nbd7 6. Qd2 b5 7. 0-0-0 Nb6 8. g4 b4 9. Nb1 a5 10. h4 h5 11. g5 Nfd7 12. f4 Bg7 13. f5 Qc7 14. Bd3 c5 15. fxg6 fxg6 16. e5 0-0 17. Bxg6 dxe5 18. dxc5 Na4 19. Bxh5 Ndxc5 20. Ne2 Be6 21. b3 Bxb3 22. Bxc5 Nxc5 23. Kb2 Be6 24. Qe1 e4+ 25. Nd4 Rad8 26. Qe3 Qe5 27. Kc1 Rxd4 28. Rhe1 Rxd1+ 29. Rxd1 Qb2+ 30. Kd2 Rd8+ 31. Ke2 Rxd1 32. Kxd1 Qxb1+ 33. Ke2 Qxc2+ 34. Kf1 Qd3+ 0-1

[Event "Titled Tuesday intern op 20th Jun Early"]
[Site "Chess.com INT"]
[Date "2023.06.20"]
[Round "8"]
[White "Luna Javier, Edgar Froylan"]
[Black "Tsukerman, Julia"]
[Result "1-0"]
[WhiteElo "2180"]
[BlackElo "1741"]
[PlyCount "63"]
[EventDate "2023.06.20"]
[EventType "swiss (blitz)"]
[EventRounds "11"]
[EventCountry "USA"]
[SourceTitle "EXT 2024"]
[Source "ChessBase"]
[SourceDate "2023.10.10"]
[SourceVersion "1"]
[SourceVersionDate "2023.10.10"]
[SourceQuality "1"]

1. d4 d5 2. Nf3 Nf6 3. g3 e6 4. Bg2 Be7 5. 0-0 0-0 6. c4 dxc4 7. Ne5 Nc6 8. Nxc6 bxc6 9. Na3 Bxa3 10. bxa3 Rb8 11. Qd2 Bd7 12. a4 Qe7 13. Qc3 Nd5 14. Bxd5 exd5 15. Ba3 Qxe2 16. Rfe1 Qg4 17. Bxf8 Rxf8 18. f3 Qg6 19. Rab1 h5 20. Rb7 h4 21. g4 Qd6 22. Re5 g6 23. Qb4 Qxb4 24. Rxb4 Rc8 25. Re7 Be8 26. Rb7 c5 27. Kf2 cxd4 28. a5 c6 29. a6 c3 30. Rb3 c2 31. Re1 c5 32. Rd3 1-0

[Event "Titled Tuesday intern op 20th Jun Early"]
[Site "Chess.com INT"]
[Date "2023.06.20"]
[Round "2"]
[White "Tsukerman, Julia"]
[Black "Jakubowski, Krzysztof"]
[Result "1-0"]
[WhiteElo "1741"]
[BlackElo "2486"]
[PlyCount "73"]
[EventDate "2023.06.20"]
[EventType "swiss (blitz)"]
[EventRounds "11"]
[EventCountry "USA"]
[SourceTitle "EXT 2024"]
[Source "ChessBase"]
[SourceDate "2023.10.10"]
[SourceVersion "1"]
[SourceVersionDate "2023.10.10"]
[SourceQuality "1"]

1. e4 c6 2. d4 d5 3. exd5 cxd5 4. Bd3 Nc6 5. c3 Nf6 6. Nf3 Bg4 7. 0-0 e6 8. Nbd2 Bd6 9. Qe1 Qc7 10. h3 Bh5 11. Qe3 Bf4 12. Qe1 Bg6 13. Qe2 0-0 14. Bxg6 hxg6 15. Re1 Rab8 16. g3 Bd6 17. Ne5 b5 18. Ndf3 Bxe5 19. dxe5 Ne4 20. Bf4 Na5 21. h4 Qc4 22. Qe3 b4 23. Ng5 Nxg5 24. Bxg5 bxc3 25. bxc3 Rb7 26. Qf3 Rc8 27. Re3 Rb2 28. h5 gxh5 29. Qxh5 Rxa2 30. Rc1 Nb3 31. Rd1 Nd2 32. g4 Qa4 33. Rde1 Ra1 34. Rh3 Rxe1+ 35. Kh2 Nf1+ 36. Kg1 Qe4 37. Qh8# 1-0

[Event "Titled Tuesday intern op 20th Jun Early"]
[Site "Chess.com INT"]
[Date "2023.06.20"]
[Round "1"]
[White "Tsukerman, Julia"]
[Black "Turzo, Attila"]
[Result "1-0"]
[WhiteElo "1741"]
[BlackElo "2279"]
[PlyCount "79"]
[EventDate "2023.06.20"]
[EventType "swiss (blitz)"]
[EventRounds "11"]
[EventCountry "USA"]
[SourceTitle "EXT 2024"]
[Source "ChessBase"]
[SourceDate "2023.10.10"]
[SourceVersion "1"]
[SourceVersionDate "2023.10.10"]
[SourceQuality "1"]

1. e4 d6 2. d4 Nf6 3. Nc3 g6 4. Be3 Bg7 5. f3 c6 6. Qd2 b5 7. g4 Nbd7 8. h4 Nb6 9. 0-0-0 b4 10. Nb1 a5 11. h5 d5 12. e5 Nfd7 13. f4 Nc4 14. Qe1 Ndb6 15. Bh3 e6 16. Nd2 a4 17. Kb1 b3 18. cxb3 Nxd2+ 19. Bxd2 axb3 20. a3 Nc4 21. Bb4 Qb6 22. Nf3 Bf8 23. Bxf8 Rxf8 24. hxg6 hxg6 25. Bf1 Rxa3 26. bxa3 Nxa3+ 27. Kb2 Nc2 28. Qc3 Na3 29. Qxb3 Nb5 30. Bxb5 cxb5 31. Rc1 Bd7 32. Rc5 Qa5 33. Rhc1 Ke7 34. Qc3 Qa6 35. Rc7 Ra8 36. Qc5+ Ke8 37. Kc2 Qa2+ 38. Kd1 Qf2 39. Ne1 Qe3 40. Rxd7 1-0

[Event "Titled Tuesday intern op 13th Jun Early"]
[Site "Chess.com INT"]
[Date "2023.06.13"]
[Round "2"]
[White "Tsukerman, Julia"]
[Black "Aloma Vidal, Roberto"]
[Result "0-1"]
[WhiteElo "1741"]
[BlackElo "2437"]
[PlyCount "80"]
[EventDate "2023.06.13"]
[EventType "swiss (blitz)"]
[EventRounds "11"]
[EventCountry "USA"]
[SourceTitle "EXT 2024"]
[Source "ChessBase"]
[SourceDate "2023.10.10"]
[SourceVersion "1"]
[SourceVersionDate "2023.10.10"]
[SourceQuality "1"]

1. e4 e5 2. Nf3 Nf6 3. Nxe5 d6 4. Nf3 Nxe4 5. Qe2 Qe7 6. d4 Nd7 7. Nbd2 Nxd2 8. Bxd2 Nf6 9. 0-0-0 Qxe2 10. Bxe2 Bf5 11. Bb5+ c6 12. Rhe1+ Kd7 13. Bf1 h6 14. Be3 g5 15. Bd3 Bxd3 16. Rxd3 Bg7 17. c3 Rae8 18. Bd2 Rxe1+ 19. Bxe1 Nd5 20. g3 f5 21. Nd2 b5 22. Nf1 f4 23. Kd1 a5 24. Nd2 a4 25. Ne4 Re8 26. Nd2 Ke6 27. Ne4 Rd8 28. h4 Kf5 29. f3 g4 30. gxf4 gxf3 31. Nd2 Nxf4 32. Rxf3 h5 33. Bg3 Bh6 34. Nf1 Kg4 35. Rf2 Nd5 36. Bh2 Re8 37. Rg2+ Kxh4 38. Rg6 Bf4 39. Bxf4 Nxf4 40. Rxd6 Nd3 0-1

[Event "Titled Tuesday intern op 06th Jun Late"]
[Site "Chess.com INT"]
[Date "2023.06.06"]
[Round "4"]
[White "Kaplan, Avi Harrison"]
[Black "Tsukerman, Julia"]
[Result "1-0"]
[WhiteElo "2110"]
[BlackElo "1741"]
[PlyCount "59"]
[EventDate "2023.06.06"]
[EventType "swiss (blitz)"]
[EventRounds "11"]
[EventCountry "USA"]
[SourceTitle "EXT 2024"]
[Source "ChessBase"]
[SourceDate "2023.10.10"]
[SourceVersion "1"]
[SourceVersionDate "2023.10.10"]
[SourceQuality "1"]

1. d4 d5 2. Nc3 e6 3. Bf4 Nf6 4. Nb5 Na6 5. e3 Be7 6. Bd3 Bd7 7. g4 h6 8. h4 c6 9. Nd6+ Bxd6 10. Bxd6 e5 11. dxe5 Nxg4 12. Qf3 Be6 13. Bf5 Qd7 14. Qxg4 Bxf5 15. Qxg7 0-0-0 16. Qg3 Bxc2 17. Ne2 Rdg8 18. Qf4 Be4 19. f3 Bf5 20. Nd4 Be6 21. Kf2 Rg6 22. h5 Rg5 23. Rag1 Rhg8 24. Rxg5 Rxg5 25. Qxg5 hxg5 26. h6 Bf5 27. Nxf5 Qxf5 28. h7 Qc2+ 29. Kg3 Kd7 30. h8Q 1-0

[Event "Titled Tuesday intern op 06th Jun Late"]
[Site "Chess.com INT"]
[Date "2023.06.06"]
[Round "6"]
[White "Rian, Kapriaga"]
[Black "Tsukerman, Julia"]
[Result "0-1"]
[WhiteElo "2089"]
[BlackElo "1741"]
[PlyCount "92"]
[EventDate "2023.06.06"]
[EventType "swiss (blitz)"]
[EventRounds "11"]
[EventCountry "USA"]
[SourceTitle "EXT 2024"]
[Source "ChessBase"]
[SourceDate "2023.10.10"]
[SourceVersion "1"]
[SourceVersionDate "2023.10.10"]
[SourceQuality "1"]

1. d4 d5 2. c4 e6 3. Nf3 Nf6 4. g3 Be7 5. Bg2 0-0 6. 0-0 dxc4 7. Ne5 Nc6 8. Bxc6 bxc6 9. Nxc6 Qe8 10. Nxe7+ Qxe7 11. Qa4 e5 12. dxe5 Qxe5 13. Nc3 Be6 14. Bf4 Qc5 15. Rad1 h6 16. Rd2 Rfc8 17. Qb5 Qb6 18. Be3 Qxb5 19. Nxb5 Nd5 20. Bc5 a6 21. Nc3 Nxc3 22. bxc3 Rab8 23. e4 Rb5 24. Ba3 Rcb8 25. f4 f6 26. f5 Bf7 27. Rd7 c5 28. Rc7 Ra5 29. Bxc5 Rxa2 30. Rf2 Rb1+ 31. Kg2 Rxf2+ 32. Kxf2 Rb2+ 33. Kf3 Rb8 34. Ra7 Rc8 35. Bb4 Be8 36. g4 Bb5 37. Kf4 Re8 38. Be7 Bc6 39. e5 fxe5+ 40. Kxe5 Bb5 41. Kd6 Kh7 42. f6 gxf6 43. Bxf6+ Kg6 44. Bd4 Kg5 45. Rg7+ Kh4 46. Kc5 Re4 0-1

[Event "Titled Tuesday intern op 06th Jun Late"]
[Site "Chess.com INT"]
[Date "2023.06.06"]
[Round "7"]
[White "Shapiro, Daniel E"]
[Black "Tsukerman, Julia"]
[Result "0-1"]
[WhiteElo "2284"]
[BlackElo "1741"]
[PlyCount "102"]
[EventDate "2023.06.06"]
[EventType "swiss (blitz)"]
[EventRounds "11"]
[EventCountry "USA"]
[SourceTitle "EXT 2024"]
[Source "ChessBase"]
[SourceDate "2023.10.10"]
[SourceVersion "1"]
[SourceVersionDate "2023.10.10"]
[SourceQuality "1"]

1. d4 d5 2. c4 e6 3. Nf3 Nf6 4. g3 Be7 5. Bg2 0-0 6. 0-0 dxc4 7. Ne5 Nc6 8. Bxc6 bxc6 9. Nxc6 Qe8 10. Nxe7+ Qxe7 11. Qa4 e5 12. dxe5 Qxe5 13. Qxc4 Be6 14. Qd3 Rfd8 15. Qe3 Qh5 16. f3 Bh3 17. Re1 Re8 18. Qf2 Re7 19. Nc3 Rae8 20. e4 c6 21. Be3 a6 22. Rad1 Nd7 23. g4 Bxg4 24. fxg4 Qxg4+ 25. Qg3 Qe6 26. Rd6 Qc4 27. Red1 Ne5 28. Bd4 Ng6 29. h4 h5 30. Qg5 Qb4 31. Rxg6 fxg6 32. Rd2 Re6 33. e5 Qc4 34. Ne4 Qc1+ 35. Kg2 Qc4 36. Nd6 Qd5+ 37. Kg3 Rxd6 38. exd6 Qxd6+ 39. Qf4 Qe6 40. Rf2 Qe7 41. Bc3 Rf8 42. Qd4 Rxf2 43. Kxf2 Qf7+ 44. Kg2 Kh7 45. Qe3 Kg8 46. Qg5 Kh7 47. Qe3 Qd5+ 48. Kg3 Qf7 49. Qf4 Qd5 50. Qe5 Qd3+ 51. Kf4 Qd7 0-1

[Event "Titled Tuesday intern op 06th Jun Late"]
[Site "Chess.com INT"]
[Date "2023.06.06"]
[Round "3"]
[White "Tsukerman, Julia"]
[Black "Stachanczyk, Jacek"]
[Result "1-0"]
[WhiteElo "1741"]
[BlackElo "2124"]
[PlyCount "109"]
[EventDate "2023.06.06"]
[EventType "swiss (blitz)"]
[EventRounds "11"]
[EventCountry "USA"]
[SourceTitle "EXT 2024"]
[Source "ChessBase"]
[SourceDate "2023.10.10"]
[SourceVersion "1"]
[SourceVersionDate "2023.10.10"]
[SourceQuality "1"]

1. e4 c5 2. Nf3 d6 3. d4 cxd4 4. Nxd4 Nf6 5. Nc3 g6 6. f4 a6 7. Be2 Bg7 8. Be3 0-0 9. 0-0 Nc6 10. Nf3 Ng4 11. Qd2 Nxe3 12. Qxe3 Bd7 13. Bc4 Rc8 14. Bd5 e6 15. Bb3 Qc7 16. Rad1 Rfd8 17. Kh1 Na5 18. Rd3 b5 19. Rfd1 b4 20. Ne2 Bb5 21. R3d2 Bxb2 22. Ned4 Bc4 23. Ng5 Bc3 24. Qh3 h5 25. Rf2 Qc5 26. Qe3 Rd7 27. Rf3 e5 28. Ne2 Qxe3 29. Rxe3 Nxb3 30. cxb3 Bxe2 31. Rxe2 exf4 32. Rf1 Be5 33. Nf3 f6 34. Rd1 Kf7 35. Red2 Rdc7 36. Kg1 Rc1 37. Kf1 Rxd1+ 38. Rxd1 Rc2 39. Rd2 Rxd2 40. Nxd2 Ke6 41. Nc4 Bd4 42. Ke2 Bc5 43. Kd3 f5 44. Nd2 g5 45. Nf3 g4 46. Ne1 fxe4+ 47. Kxe4 d5+ 48. Kxf4 Kf6 49. Nd3 Bd6+ 50. Ke3 Bxh2 51. Kd4 h4 52. Kxd5 Bb8 53. Nf2 Kf5 54. Kc4 Ba7 55. Nh1 1-0